000 00896 am a2200301 a 4500
005 20231212114320.0
008 100319s1996 sp a f |||| 00| 0 spa d
020 _a0914168665
041 _aspa
092 _c61.022
_l55
_sNET
100 1 _aNetter, Frank H.
_9147
245 _aAtlas de Anatomía Humana /
_cFrank H. Netter.
250 _a1a ed. versión en español de la obra original en inglés
_bTraducción Victor Götzens García
260 _aBarcelona:
_bMasson;
_c1996.
300 _a514 p.
_bil.
500 _aNetter, F. H. (1996). Atlas de anatomía humana. (1a ed.). Barcelona : Masson.
653 _aCabeza y cuello
653 _aDorso y médula espinal
653 _aTórax
653 _aAbdomen
653 _aPelvis y periné
653 _aMiembro superior
653 _aMiembro inferior
930 _a451
930 _a452
930 _a454
942 _2ddc
_cBK
999 _c157
_d157